01196cam a2200229 i 4500999001700000001000900017005001700026008004100043020001900084041000800103080001600111100002600127245013600153264005300289300004600342653006000388653011100448653011900559942001200678952013800690952013800828 c57968d579681712367820221114121928.0120117s2012 njua b 001 0 eng  a9780691153926x aeng a327(4) R-301 aFinke, Daniel.91130910aReforming the European Union :brealizing the impossible /cDaniel Finke, Thomas König, Sven-Oliver Proksch, and George Tsebelis. 1aPrinceton :bPrinceton University Press,c[2012] axvi, 227 pages :billustrations ;c24 cm. aReforming the European Union : Realizing the Impossible aევროკავშირის რეფორმირება : შეუძლებელია aРеформирование Европейского Союза : реализация невозможного 2udccBK 00102udc4063274_R3070990106aCPLbCPLcGENd2021-04-13g55.00o327(4) R-30p54170r2021-04-13t54170w2021-04-13yBKz55.00 GEL. 00102udc4063274_R3070990107aCPLbCPLcGENd2021-04-13g55.00o327(4) R-30p54171r2021-04-13t54171w2021-04-13yBKz55.00 GEL.